00339nam a2200145Ia 4500008004100000041000800041100001400049245004100063260001800104300000900122520001500131520001900146650000900165999001900174230605s1994 xx 000 0 und d aeng aRichard . aMarketing In Hospitality and Tourism bCassellc1994 a312p aHard Board aReference Copy aM.M. c420074d420074